header

New materials I : (Record no. 85426)

MARC details
000 -LEADER
fixed length control field 03657nam a2200517 i 4500
001 - CONTROL NUMBER
control field ebr10828924
003 - CONTROL NUMBER IDENTIFIER
control field CaPaEBR
006 - FIXED-LENGTH DATA ELEMENTS--ADDITIONAL MATERIAL CHARACTERISTICS--GENERAL INFORMATION
fixed length control field m o d
007 - PHYSICAL DESCRIPTION FIXED FIELD--GENERAL INFORMATION
fixed length control field cr cn|||||||||
008 - FIXED-LENGTH DATA ELEMENTS--GENERAL INFORMATION
fixed length control field 120228t20102010sz a ob 101 0 eng|d
020 ## - INTERNATIONAL STANDARD BOOK NUMBER
Cancelled/invalid ISBN 9783908158554 (pbk.)
Cancelled/invalid ISBN 3908158559 (pbk.)
International Standard Book Number 9783038134299 (e-book)
040 ## - CATALOGING SOURCE
Original cataloging agency CaPaEBR
Language of cataloging eng
Description conventions rda
-- pn
Transcribing agency CaPaEBR
035 ## - SYSTEM CONTROL NUMBER
System control number (OCoLC)872671320
050 14 - LIBRARY OF CONGRESS CALL NUMBER
Classification number TP315
Item number .F67 2010eb
082 04 - DEWEY DECIMAL CLASSIFICATION NUMBER
Classification number 364
Edition number 23
111 2# - MAIN ENTRY--MEETING NAME
Meeting name or jurisdiction name as entry element Forum on New Materials
Number of part/section/meeting (5th :
Date of meeting 2010 :
Location of meeting Montecatini Terme, Italy),
Relator term issuing body.
245 10 - TITLE STATEMENT
Title New materials I :
Remainder of title advanced fossil fuel energy technologies, hydrogen production and storage, fuel cells, electrochemical energy storage systems : proceedings of the 5th Forum on New Materials, part of CIMTEC 2010-12th International Ceramics Congress and 5th Forum on New Materials, Montecatini Terme, Italy, June 13-18, 2010 /
Statement of responsibility, etc edited by Pietro Vincenzini, World Academy of Ceramics and National Research Council, Italy ; co-edited by Cynthia Powell, DOE-NETL, USA [and three others].
264 #1 - PRODUCTION, PUBLICATION, DISTRIBUTION, MANUFACTURE, AND COPYRIGHT NOTICE
Place of production, publication, distribution, manufacture Stafa-Zurich, Switzerland :
Name of producer, publisher, distributor, manufacturer Trans Tech Publications on behalf of Techna Group, Faenza, Italy,
Date of production, publication, distribution, manufacture, or copyright notice [2010]
Date of production, publication, distribution, manufacture, or copyright notice �2010
300 ## - PHYSICAL DESCRIPTION
Extent 1 online resource (364 pages) :
Other physical details illustrations.
336 ## - CONTENT TYPE
Content type term text
Source rdacontent
337 ## - MEDIA TYPE
Media type term computer
Source rdamedia
338 ## - CARRIER TYPE
Carrier type term online resource
Source rdacarrier
490 1# - SERIES STATEMENT
Series statement Advances in science and technology,
International Standard Serial Number 1661-819X ;
Volume number/sequential designation volume 72
500 ## - GENERAL NOTE
General note "Part A, including Symposium FA-- Materials for Advanced Fossil Fuel Energy Technologies, Symposium FB-- Materials in Hydrogen Production and Storage, Symposium FC-- Fuel cells: Materials and Technology Challenges, Symposium FD-- Materials in Electrochemical Storage Systems."
504 ## - BIBLIOGRAPHY, ETC. NOTE
Bibliography, etc Includes bibliographical references and indexes.
505 0# - FORMATTED CONTENTS NOTE
Formatted contents note section I. Materials for advanced fossil fuel energy technologies -- section II. Materials in hydrogen production and storage -- section III. Fuel cells : materials and technology challenges -- section IV. Materials in electrochemical energy storage systems.
588 ## - SOURCE OF DESCRIPTION NOTE
Source of description note Description based on print version record.
590 ## - LOCAL NOTE (RLIN)
Local note Electronic reproduction. Palo Alto, Calif. : ebrary, 2014. Available via World Wide Web. Access may be limited to ebrary affiliated libraries.
650 #0 - SUBJECT ADDED ENTRY--TOPICAL TERM
Topical term or geographic name as entry element Fuel
Form subdivision Congresses.
Topical term or geographic name as entry element Power resources
Form subdivision Congresses.
Topical term or geographic name as entry element Fossil fuels
Form subdivision Congresses.
Topical term or geographic name as entry element Fuel cells
Form subdivision Congresses.
Topical term or geographic name as entry element Energy storage
Form subdivision Congresses.
Topical term or geographic name as entry element Hydrogen as fuel
Form subdivision Congresses.
655 #0 - INDEX TERM--GENRE/FORM
Genre/form data or focus term Electronic books.
700 1# - ADDED ENTRY--PERSONAL NAME
Personal name Vincenzini, P.,
Dates associated with a name 1939-
Personal name Powell, Cynthia.
711 2# - ADDED ENTRY--MEETING NAME
Meeting name or jurisdiction name as entry element International Meeting on Modern Ceramics Technologies
Number of part/section/meeting (12th :
Date of meeting 2010 :
Location of meeting Montecatini Terme, Italy),
Relator term issuing body.
776 08 - ADDITIONAL PHYSICAL FORM ENTRY
Display text Print version:
Main entry heading Forum on New Materials.
Title New materials I : advanced fossil fuel energy technologies, hydrogen production and storage, fuel cells, electrochemical energy storage systems : proceedings of the 5th Forum on New Materials, part of CIMTEC 2010-12th International Ceramics Congress and 5th Forum on New Materials, Montecatini Terme, Italy, June 13-18, 2010.
Place, publisher, and date of publication Stafa-Zurich, Switzerland : Trans Tech Publications on behalf of Techna Group, Faenza, Italy, [2010]
Physical description [a]-c, 354 pages ; 24 cm.
Series data for related item Advances in science and technology ; volume 72
International Standard Serial Number 1661-819X ;
International Standard Book Number 9783908158554
Record control number (OCoLC)ocn702873677
-- (DLC) 2012360169
797 2# - LOCAL ADDED ENTRY--CORPORATE NAME (RLIN)
Corporate name or jurisdiction name as entry element ebrary.
830 #0 - SERIES ADDED ENTRY--UNIFORM TITLE
Uniform title Advances in science and technology (Faenza, Italy) ;
Volume number/sequential designation 72.
856 40 - ELECTRONIC LOCATION AND ACCESS
Uniform Resource Identifier <a href="http://site.ebrary.com/lib/rucke/Doc?id=10828924">http://site.ebrary.com/lib/rucke/Doc?id=10828924</a>
Public note An electronic book accessible through the World Wide Web; click to view

No items available.

© 2026 Rongo University
Contact us: librarian | system librarian | Rongo university